Exposición

Zapisane w:
Opis bibliograficzny
1. autor: Torres Rivas, Edelberto
Format: Texto
Wydane: s.l.: s.e.
Etykiety: Dodaj etykietę
Nie ma etykietki, Dołącz pierwszą etykiete!

MARC

LEADER 00000 a a2200000 04500
001 21760
003
040
090 |a 097500  
100 |a Torres Rivas, Edelberto  
245 |a Exposición  
260 |a s.l.:   |b s.e.  
300 |a 8 p.  
999 |c 15925  |d 15925